000 00339nam a2200121Ia 4500
008 190722s9999 xx 000 0 und d
020 _a978-93-325-5718-5
100 _aPhilip Kotler, Kevin Lane Keller
245 0 _aMarketing Management
260 _aIndia
_bPearson India Education Services Pvt. Ltd.
_c2016
300 _a756+110
942 _cBK
999 _c656
_d656